000 00311 a2200157 4500
001 183033
020 _a
040 _cMagnum
100 _aPrates, Luiz Carlos
240 1 0 _aIntermitĂȘncia
_lpor
245 1 0 _aIntermitĂȘncia
300 _a
362 0 _a1983
697 _aLITERATURA GERAL
942 _cBK
999 _c183033
_d183033